000 00499nam a2200145 4500
999 _c1217
_d1217
008 200114b ||||| |||| 00| 0 eng d
020 _a9280100149
082 0 0 _a341.75665
_bI245
110 _9806
_aIMCO
245 1 0 _aInternational Conference on Load Lines, 1966 : Final Act of The Conference With Attachments Including The International Convention on Load Lines, 1966
_cby IMCO
260 _aLondon
_bIMCO
_c1972
300 _a213 p.
650 0 _aShips--Cargo--Safety regulations
942 _2ddc
_cBK